| Tag |
First Indicator |
Second Indicator |
Subfields |
| LEADER |
00000cam a2200000Ii 4500 |
| 001 |
in00003433821 |
| 005 |
20211120172815.0 |
| 006 |
m o d f |
| 007 |
cr bn||||||||| |
| 008 |
150108s1960 laub o f000 0 eng d |
| 035 |
|
|
|a (OCoLC)ocn899606969
|
| 040 |
|
|
|a GPO
|b eng
|e rda
|e pn
|c GPO
|d MvI
|d UtOrBLW
|
| 043 |
|
|
|a n-usu--
|
| 049 |
|
|
|a WWW
|
| 074 |
|
|
|a 9999 (online)
|
| 086 |
0 |
|
|a A 13.40/5:83
|
| 100 |
1 |
|
|a Janssen, Paul L.,
|e author.
|
| 245 |
1 |
0 |
|a Softwood distribution maps for the South /
|c Paul L. Janssen and Melvin R. Weiland.
|
| 264 |
|
1 |
|a New Orleans, Louisiana :
|b Southern Forest Experiment Station ;
|a Ashville, North Carolina :
|b Southeastern Forest Experiment Station, Forest Service, U.S. Department of Agriculture,
|c 1960.
|
| 300 |
|
|
|a 1 online resource (12 pages) :
|b maps.
|
| 336 |
|
|
|a text
|b txt
|2 rdacontent
|
| 337 |
|
|
|a computer
|b c
|2 rdamedia
|
| 338 |
|
|
|a online resource
|b cr
|2 rdacarrier
|
| 490 |
1 |
|
|a Forest survey release ;
|v 83
|
| 500 |
|
|
|a Title from title screen (viewed Dec. 30, 2014).
|
| 500 |
|
|
|a Publication pre-dates Federal Depository Library Program (FDLP) item numbers. No FDLP item number has been assigned.
|
| 650 |
|
0 |
|a Evergreens
|z Southern States
|v Maps.
|
| 650 |
|
0 |
|a Conifers
|z Southern States
|v Maps.
|
| 700 |
1 |
|
|a Weiland, Melvin R.,
|e author.
|
| 710 |
2 |
|
|a Southern Forest Experiment Station (New Orleans, La.),
|e issuing body.
|
| 710 |
2 |
|
|a Southeastern Forest Experiment Station (Asheville, N.C.),
|e issuing body.
|
| 776 |
0 |
8 |
|i Print version:
|a Janssen, Paul L.
|t Softwood distribution maps for the South
|w (OCoLC)7324657
|
| 830 |
|
0 |
|a Forest survey release ;
|v no. 83.
|
| 856 |
4 |
0 |
|u https://purl.fdlp.gov/GPO/gpo44226
|t 0
|
| 999 |
|
|
|a MARS
|
| 999 |
f |
f |
|s ef25ff77-97e2-3ac5-a886-29fdda00ff19
|i 18533a8d-3725-35b5-a912-c8736ac97799
|t 0
|
| 952 |
f |
f |
|a Texas A&M University
|b College Station
|c Electronic Resources
|d Available Online
|t 0
|e A 13.40/5:83
|h Superintendent of Documents classification
|
| 998 |
f |
f |
|a A 13.40/5:83
|t 0
|l Available Online
|